| Tag |
First Indicator |
Second Indicator |
Subfields |
| LEADER |
00000cam a2200000 a 4500 |
| 001 |
in00000995113 |
| 005 |
20150927155220.0 |
| 008 |
770805s1971 mnua b s00010 eng d |
| 035 |
|
|
|a (OCoLC)03164442
|
| 035 |
|
|
|9 AEY2913AM
|
| 040 |
|
|
|a MFM
|c MFM
|d m.c.
|d AGL
|d TXA
|d UtOrBLW
|
| 049 |
1 |
|
|a TXA2
|
| 070 |
0 |
|
|a HD1694.A1M5
|b no.29
|
| 072 |
|
0 |
|a J200
|
| 090 |
|
|
|a GB701
|b .W28 no. 29
|
| 100 |
1 |
|
|a Lin, Shen-maw.
|
| 245 |
1 |
0 |
|a Porosity and pore-size distribution of soil aggregates /
|c by Shen-maw Lin.
|
| 264 |
|
1 |
|a Minneapolis :
|b Water Resources Research Center, University of Minnesota, Graduate School,
|c 1971.
|
| 300 |
|
|
|a iii, 32 pages :
|b illustrations ;
|c 23 cm.
|
| 336 |
|
|
|a text
|b txt
|2 rdacontent
|
| 337 |
|
|
|a unmediated
|b n
|2 rdamedia
|
| 338 |
|
|
|a volume
|b nc
|2 rdacarrier
|
| 490 |
1 |
|
|a WRRC bulletin ;
|v no. 29
|
| 500 |
|
|
|a "March 1971."
|
| 504 |
|
|
|a Bibliography: pages 30-32.
|
| 650 |
|
0 |
|a Soil structure.
|
| 650 |
|
0 |
|a Porosity.
|
| 650 |
|
0 |
|a Soils.
|
| 650 |
|
0 |
|a Aggregates (Building materials)
|
| 830 |
|
0 |
|a Bulletin (University of Minnesota. Water Resources Research Center) ;
|v no. 29.
|
| 999 |
|
|
|a MARS
|
| 999 |
f |
f |
|s 626fd6f6-f469-345e-ae85-3786c7bda78b
|i e7a6f8b4-09ac-33ea-ae0b-3bbcaa51d035
|t 0
|
| 952 |
f |
f |
|p ric
|a Texas A&M University
|b Rellis Campus
|c Joint Library Facility
|d Remote Storage
|t 0
|e GB701 .W28 no.29
|h Library of Congress classification
|i unmediated -- volume
|m A14814325388
|
| 998 |
f |
f |
|a GB701 .W28 no.29
|t 0
|l Remote Storage
|